Obálka Náhled e-knihy:
PDF Epub
Pro půjčování e-knih musíte být přihlášeni.
Jak si půjčit online?

Děti kapitána Granta /

Dobrodružný román o statečné skupině cestovatelů, kteří na lodi Duncan pátrají po nezvěstných trosečnících, v převyprávění Ondřeje Neffa.

Uloženo v:
Hlavní autor: Neff, Ondřej, 1945- (Autor)
Další autoři: Burian, Zdeněk, 1905-1981 (Autor), Verne, Jules, 1828-1905. (Ilustrátor)
Médium: E-kniha
Jazyk:Czech
Vydáno: V Praze : Albatros : Primus, 2024
Vydání:2. vydání
Edice:Jules Verne - knihovna pro 21. století
Témata:
Tagy:
Žádné tagy
LEADER 03228nam a2200577 i 4500
001 312312
003 CZ PrSKC
005 20260601215720.0
007 ta
008 240306s2024 xr af c 000 f cze
015 |a cnb003592343 
020 |a 9788000072722  |q (Albatros ;  |q vázáno)  |z 978-800-00-7272-2 :  |c Kč 399,00 
035 |a (OCoLC)1429251464 
040 |a ABG001  |b cze  |d ABA001  |e rda 
072 7 |a 821.162.3-3  |x Česká próza  |2 Konspekt 
072 7 |a 821-93  |x Literatura pro děti a mládež (beletrie)  |2 Konspekt 
080 |a 821.162.3-31  |2 MRF 
080 |a 821-93  |2 MRF 
080 |a 821-1/-8(0.046.6)  |2 MRF 
080 |a 821.133.1-31  |2 MRF 
080 |a (0:82-311.3)  |2 MRF 
100 1 |a Neff, Ondřej,  |d 1945-  |7 jk01082907  |4 aut 
245 1 0 |a Děti kapitána Granta /  |c Jules Verne ; podle románu Julese Verna volně vypráví Ondřej Neff ; ilustroval Zdeněk Burian 
250 |a 2. vydání 
264 1 |a V Praze :  |b Albatros :  |b Primus,  |c 2024 
300 |a 226 stran, 22 nečíslovaných listů obrazových příloh :  |b ilustrace ;  |c 25 cm 
336 |a text  |b txt  |2 rdacontent 
337 |a bez média  |b n  |2 rdamedia 
338 |a svazek  |b nc  |2 rdacarrier 
490 1 |a Jules Verne - knihovna pro 21. století 
520 2 |a Dobrodružný román o statečné skupině cestovatelů, kteří na lodi Duncan pátrají po nezvěstných trosečnících, v převyprávění Ondřeje Neffa.  |b Kapitán Grant ztroskotal v dalekých jižních mořích, kdesi v oblasti sedmatřicáté rovnoběžky. Jeho vzkaz v láhvi s prosbou o pomoc byl šťastnou náhodou nalezen ve žraločím břiše a dostal se do správných rukou. Kapitánovy děti a šlechetní přátelé podnikají výpravu, při které navštíví Ameriku, Austrálii a Nový Zéland. Prožijí mnoho dobrodružných i nebezpečných příhod a přes všechny neúspěchy stále doufají v nalezení statečného námořníka. Kniha obsahuje zasvěcený doslov rozebírající tento román. 
521 8 |a Pro čtenáře od 9 let 
655 7 |a české romány  |7 fd133974  |2 czenas 
655 7 |a dobrodružné romány  |7 fd132061  |2 czenas 
655 7 |a literární adaptace  |7 fd119387  |2 czenas 
655 7 |a francouzské romány  |7 fd132289  |2 czenas 
655 7 |a publikace pro děti  |7 fd133156  |2 czenas 
655 9 |a Czech fiction  |2 eczenas 
655 9 |a adventure novels  |2 eczenas 
655 9 |a literary adaptations  |2 eczenas 
655 9 |a French fiction  |2 eczenas 
655 9 |a children's literature  |2 eczenas 
700 1 |a Burian, Zdeněk,  |d 1905-1981  |7 jk01020396  |4 ill 
700 1 |i Adaptace díla:  |a Verne, Jules,  |d 1828-1905.  |t Enfants du capitaine Grant  |7 aun20201084320 
830 0 |a Jules Verne - knihovna pro 21. století 
900 |a ABA001  |b 20 
928 9 |a Albatros Media - Albatros 
044 |a xr 
910 |a RBIT002 
998 |d 399872  |a https://core.palmknihy.cz/api/books/399872/cover?s9wbdv  |b https://core.palmknihy.cz/api/books/399872/cover/400?s9wbdv  |c https://core.palmknihy.cz/api/books/399872/cover/50?s9wbdv  |e 2033-12-31  |g 272  |i 9788000072722  |j https://core.palmknihy.cz/api/books/399872/preview.epub  |k https://core.palmknihy.cz/api/books/399872/preview.pdf  |l   |q 49  |r 1  |s https://www.palmknihy.cz/kniha/399872  |t ebook  |y 2024  |z 0 
999 |d 312310